000 00577nam a2200193Ia 4500
005 20250326143541.0
008 250326s9999 xx 000 0 und d
020 _a0-471-39906-X
037 _aTextbook
040 _aFMSL
_beng
_cFMSL
041 _aeng
_2eng
084 _aX65 P2
_qFMSL
100 _aTuccille J
_9748180
245 0 _aAlan shrugged : life and times of alan greenspan, the world's most powerful banker
_cTuccille J
260 _aNew Jersey
_bNew Jersey, John Wiley
_c2002
300 _a302p
942 _cTB
_hX65 P2
999 _c1300054
_d1300054